000 00643nam a2200193Ia 4500
005 20250508164910.0
008 008 250505s9999 xx 000 0 hin d
037 _aDissertations
040 _aFEDL
_beng
_cFEDL
041 _ahin
_2eng
084 _a370.7, JOH/DI
_qFEDL
100 _aJohri Ritu
245 0 _aPrathmik vidyalayo me karyarat B. Ed. upadhiprapth addhyapako avam E.T.E. upaddhiprapth addhyapako ki abhivriti avam shaikshan prabhav sheelta: Ek addhyan
260 _c2001
300 _a72p.
546 _aM. Ed. Dissertation (Delhi University)
942 _cDIS
_h370.7, JOH/DI
999 _c1391885
_d1391885